000 00423nam a2200157Ia 4500
003 GCL
008 140319s9999 xx 000 0 ara d
040 _aGCL /
_cGCL
082 0 4 _a811.9
_bا ع
100 1 _aاحمد غراب
245 1 0 _aالعزف على اوتار الريح /
_cاحمد غراب
300 _a246 ص
490 _a
650 0 4 _aالشعر العربى - العصر الحديث
942 _2ddc
_cBK
999 _c38865
_d38865